WWE Signature Quiz 2023 - Statistiken

Allgemein
  • Dieses Quiz wurde 758 mal gespielt
  • Das Durchschnittsergebnis liegt bei 7 aus 10
Antwortstatistiken
Frage Antwort % Korrekt
Roman Reigns Spear
99%
Cody Rhodes Cross Rhodes
96%
Seth Rollins Curb Stomp
94%
Kevin Owens Stunner
85%
Shinsuke Nakamura Kinshasa
81%
Liv Morgan Oblivion
76%
Bianca Belair KOD
74%
Gunther Last Symphony
44%
(Hard One) Tyler Bate Tyler Driver '97
38%
Austin Theory ATL
25%
Keine übereinstimmenden Quizze gefunden
Verteilung der Resultate
Anzahl Personen mit jedem Resultat
Perzentil nach korrekt beantworteten Fragen
Ihre Resultats-Entwicklung
Sie haben dieses Quiz noch nicht gespielt